000 00483nam a2200169Ia 4500
003 SGT
020 _a9798131800286
082 _a6.7
_bBAN
100 _aBangia,Ramesh
245 _aMultimedia and web technology
250 _a2nd Ed.
260 _bLaxmi Publications (P) Ltd
_aNew Delhi
_c2009
300 _a878p.
650 _aCOMPUTER SCIENCE
653 _aCOMPUTER SYSTEM,SOFTWARE,MICROSOFT WINDOWS,WEB BROWSERS,INTRODUCTION TO HTML,MORE ON HTML,HTML TAGS
942 _2ddc
_cBK
_03
999 _c4927
_d4927